000 00545 a2200217 4500
001 sjds
003 sjds
005 20240423165403.0
008 240423b |||||||| |||| 00| 0 spa d
020 _a9780746083635
020 _a0746083637
040 _csjds
041 _aspa
100 _aDixon, Andy
245 _aEn busca del dragon /
_cAndy Dixon, Nick Harris
260 _aLondon :
_bUsborne,
_cc2007.
300 _a31 p. :
_bil. color ;
_c33 cm
440 _a Aventuras fantasticas (Usborne)
700 _aHarris, Nick
942 _cBK
999 _c29450
_d29448